<?xml version="1.0" encoding="UTF-8"?>
<record
    xmlns:xsi="http://www.w3.org/2001/XMLSchema-instance"
    xsi:schemaLocation="http://www.loc.gov/MARC21/slim http://www.loc.gov/standards/marcxml/schema/MARC21slim.xsd"
    xmlns="http://www.loc.gov/MARC21/slim">

  <leader>02663nam a2200277   4500</leader>
  <controlfield tag="001">113675</controlfield>
  <controlfield tag="003">DR-UNIBE</controlfield>
  <controlfield tag="005">20250604100322.0</controlfield>
  <controlfield tag="008">250526b1984    dr ||||| |||| 00| 0 spa d</controlfield>
  <datafield tag="040" ind1=" " ind2=" ">
    <subfield code="a">BIBLIOTECA UNIBE</subfield>
    <subfield code="c">BIBLIOTECA UNIBE</subfield>
    <subfield code="b">spa</subfield>
    <subfield code="e">rda</subfield>
  </datafield>
  <datafield tag="041" ind1=" " ind2=" ">
    <subfield code="a">spa</subfield>
  </datafield>
  <datafield tag="082" ind1=" " ind2=" ">
    <subfield code="2">22</subfield>
    <subfield code="a">RD  972.93053 E79 1984</subfield>
  </datafield>
  <datafield tag="245" ind1="1" ind2="4">
    <subfield code="a">Los Estados Unidos y Trujillo : </subfield>
    <subfield code="b">colecci&#xF3;n de documentos del Departamento de Estado y de las Fuerzas Armadas norteamericanas : a&#xF1;o 1947 /</subfield>
    <subfield code="c">edici&#xF3;n:  Bernardo Vega ; edici&#xF3;n al cuidado de Soledad Alvarez ; composici&#xF3;n y diagramaci&#xF3;n: Nin&#xF3;n Le&#xF3;n de Saleme ; &#xED;ndice onom&#xE1;stico: Jos&#xE9; Alc&#xE1;ntara Alm&#xE1;nzar</subfield>
  </datafield>
  <datafield tag="260" ind1=" " ind2=" ">
    <subfield code="a">Santo Domingo : </subfield>
    <subfield code="b">Fundaci&#xF3;n Cultural Dominicana, </subfield>
    <subfield code="c">1984</subfield>
  </datafield>
  <datafield tag="300" ind1=" " ind2=" ">
    <subfield code="a">2 tomos : </subfield>
    <subfield code="b">fotos en b/n : </subfield>
    <subfield code="c">26 x 19 cm</subfield>
  </datafield>
  <datafield tag="505" ind1=" " ind2=" ">
    <subfield code="a">Tomo I.
 Introducci&#xF3;n a los tomos correspondientes a 1946 (Lic. Bernardo Vega) |
Cronolog&#xED;a de acontecimientos |
Algunos personajes mencionados en los documentos |
Fotograf&#xED;as de los personajes |
An&#xE1;lisis de la pol&#xED;tica norteamericana para Am&#xE9;rica Latina y la Rep&#xFA;blica Dominicana en 1947 (Lic. Bernardo Vega) |
La estrategia de Trujillo para detener la expedici&#xF3;n de  Cayo Confites (Lic. Bernardo Vega) |
El papel de los veteranos de guerra norteamericanos en los conflictos del Caribe en 1947 (Lic. Bernardo Vega) |
La supuesta eficiencia de los servicios de inteligencia de Trujillo con relaci&#xF3;n a Cayo Confites (Lic. Bernardo Vega) |
Los complots de Trujillo contra Betancourt y Grau en 1946-7 (Lic. Bernardo Vega) |
Las armas brasile&#xF1;as (Lic. Bernardo Vega) |
Ap&#xE9;ndice: diarios y reportajes generales sobre Cayo Confites |
&#xCD;ndice de abreviaturas utilizadas |
Bibliograf&#xED;a sobre el tema de Cayo Confites |
&#xCD;ndice de los documentos norteamericanos correspondientes a 1947 |
&#xCD;ndice de los documentos dominicanos correspondientes a 1947 |
Reproducci&#xF3;n de los documentos del a&#xF1;o 1947.
Tomo II.
Reproducci&#xF3;n de los documentos del a&#xF1;o 1947 |
&#xCD;ndice onom&#xE1;stico</subfield>
    <subfield code="g"> </subfield>
  </datafield>
  <datafield tag="651" ind1=" " ind2="7">
    <subfield code="2">lemb</subfield>
    <subfield code="a"> Rep&#xFA;blica Dominicana </subfield>
    <subfield code="x">Pol&#xED;tica y gobierno</subfield>
    <subfield code="y"> 1844-1930 </subfield>
    <subfield code="v">Fuentes</subfield>
    <subfield code="9">195900</subfield>
  </datafield>
  <datafield tag="651" ind1=" " ind2="7">
    <subfield code="2">lemb</subfield>
    <subfield code="a"> Rep&#xFA;blica Dominicana </subfield>
    <subfield code="x">Historia</subfield>
    <subfield code="y">1930 -1961</subfield>
    <subfield code="9">193875</subfield>
  </datafield>
  <datafield tag="651" ind1=" " ind2="7">
    <subfield code="2">lemb</subfield>
    <subfield code="a"> Estados Unidos </subfield>
    <subfield code="x">Relaciones exteriores</subfield>
    <subfield code="z">Rep&#xFA;blica Dominicana </subfield>
    <subfield code="v">Fuentes</subfield>
    <subfield code="9">195889</subfield>
  </datafield>
  <datafield tag="651" ind1=" " ind2="7">
    <subfield code="2">lemb</subfield>
    <subfield code="a">Rep&#xFA;blica Dominicana </subfield>
    <subfield code="x">Relaciones exteriores </subfield>
    <subfield code="z">Estados Unidos</subfield>
    <subfield code="v">Fuentes</subfield>
    <subfield code="9">195895</subfield>
  </datafield>
  <datafield tag="700" ind1="1" ind2="0">
    <subfield code="a">Vega, Bernardo,</subfield>
    <subfield code="d">1938-</subfield>
    <subfield code="9">1421</subfield>
    <subfield code="e">editor</subfield>
  </datafield>
  <datafield tag="700" ind1="1" ind2="0">
    <subfield code="a">&#xC1;lvarez, Soledad,</subfield>
    <subfield code="d">1950-</subfield>
    <subfield code="9">28264</subfield>
    <subfield code="e">cuidado de la edici&#xF3;n</subfield>
  </datafield>
  <datafield tag="700" ind1="1" ind2="0">
    <subfield code="a">Le&#xF3;n de Saleme, Nin&#xF3;n</subfield>
    <subfield code="9">144875</subfield>
    <subfield code="e">diagramaci&#xF3;n</subfield>
    <subfield code="e">composici&#xF3;n</subfield>
  </datafield>
  <datafield tag="700" ind1="1" ind2="0">
    <subfield code="a">Alc&#xE1;ntara Alm&#xE1;nzar, Jos&#xE9;,</subfield>
    <subfield code="d">1946-</subfield>
    <subfield code="9">4696</subfield>
    <subfield code="e">&#xED;ndice onom&#xE1;stico</subfield>
  </datafield>
  <datafield tag="942" ind1=" " ind2=" ">
    <subfield code="2">ddc</subfield>
    <subfield code="c">BK</subfield>
  </datafield>
  <datafield tag="999" ind1=" " ind2=" ">
    <subfield code="c">113675</subfield>
    <subfield code="d">113675</subfield>
  </datafield>
  <datafield tag="952" ind1=" " ind2=" ">
    <subfield code="0">0</subfield>
    <subfield code="1">0</subfield>
    <subfield code="2">ddc</subfield>
    <subfield code="7">0</subfield>
    <subfield code="8">GEN-RD</subfield>
    <subfield code="a">Principal</subfield>
    <subfield code="d">2025-04-08</subfield>
    <subfield code="l">0</subfield>
    <subfield code="o">RD  972.93053 E79 1984</subfield>
    <subfield code="p">250635</subfield>
    <subfield code="r">2025-05-26 09:53:26</subfield>
    <subfield code="t">T.I, Ej.1</subfield>
    <subfield code="w">2025-05-26</subfield>
    <subfield code="y">BK</subfield>
  </datafield>
  <datafield tag="952" ind1=" " ind2=" ">
    <subfield code="0">0</subfield>
    <subfield code="1">0</subfield>
    <subfield code="2">ddc</subfield>
    <subfield code="7">0</subfield>
    <subfield code="8">GEN-RD</subfield>
    <subfield code="a">Principal</subfield>
    <subfield code="d">2025-04-08</subfield>
    <subfield code="l">0</subfield>
    <subfield code="o">RD  972.93053 E79 1984</subfield>
    <subfield code="p">250636</subfield>
    <subfield code="r">2025-05-26 09:53:26</subfield>
    <subfield code="t">T.II, Ej.1</subfield>
    <subfield code="w">2025-05-26</subfield>
    <subfield code="y">BK</subfield>
  </datafield>
</record>
